Historic solutions (Record no. 77558)

MARC details
000 -LEADER
fixed length control field 00930cab a2200193 4500
001 - CONTROL NUMBER
control field ##L134553
008 - FIXED-LENGTH DATA ELEMENTS--GENERAL INFORMATION
fixed length control field 060815n2006 000 0 eng u
035 ## - SYSTEM CONTROL NUMBER
System control number (Sirsi) u134553
041 0# - LANGUAGE CODE
Language code of text/sound track or separate title eng
100 1# - MAIN ENTRY--PERSONAL NAME
Personal name Bryant, Paul
245 00 - TITLE STATEMENT
Title Historic solutions
260 ## - PUBLICATION, DISTRIBUTION, ETC.
Date of publication, distribution, etc. 2006
490 #0 - SERIES STATEMENT
Series statement Fire Prevention and Fire Engineers Journal
Volume/sequential designation 66(271) August 2006, 41-43(3)
520 ## - SUMMARY, ETC.
Summary, etc. Looks at some of the special problems for fire safety engineers posed by the design and use of historic buildings. Argues for the adoption of a holistic and practical approach to provide long-term solutions, rather than containment of individual problems, such as removal of asbestos when found. Outlines the purposes of, and how to carry out, a qualitative design review and quantitative analysis.
590 ## - LOCAL NOTE (RLIN)
Local note IKA220806
651 #4 - SUBJECT ADDED ENTRY--GEOGRAPHIC NAME
Geographic name United Kingdom
Chronological subdivision
690 ## - LOCAL SUBJECT ADDED ENTRY--TOPICAL TERM (OCLC, RLIN)
Topical term or geographic name as entry element MANAGEMENT-HEALTH AND SAFETY-FIRE SAFETY-FIRE SAFETY ENGINEERING
942 ## - ADDED ENTRY ELEMENTS (KOHA)
Suppress in OPAC 0
Holdings
Withdrawn status Lost status Source of classification or shelving scheme Damaged status Not for loan Home library Current library Shelving location Date acquired Total Checkouts Full call number Barcode Date last seen Copy number Price effective from Koha item type
    Dewey Decimal Classification     London London Journal article 16/08/2006   L134553 134553-1001 06/08/2019 1 06/08/2019 Journal article